El mundo descrito
I tiakina i:
| Kaituhi rangatōpū: | |
|---|---|
| Hōputu: | Pukapuka |
| Reo: | Pāniora |
| I whakaputaina: |
Madrid
Fundación ICO
2010
|
| Ngā marau: | |
| Ngā Tūtohu: |
Tāpirihia he Tūtohu
Kāore He Tūtohu, Me noho koe te mea tuatahi ki te tūtohu i tēnei pūkete!
|
MARC
| LEADER | 00000nam a2200000 a 4500 | ||
|---|---|---|---|
| 001 | UCG4856 | ||
| 003 | CL-VaPUC | ||
| 008 | 101209e20100000SP |||||||||||||||||spa|d | ||
| 020 | |a 9788493468477 | ||
| 082 | 0 | 4 | |a 770.2 |b FUN |2 21 |
| 110 | 2 | |a Fundación ICO |e author |9 554327 | |
| 245 | 1 | 3 | |a El mundo descrito |
| 300 | |a 278 p | ||
| 942 | |c BK | ||
| 945 | |d 20101209 00:00:00 |a dcastane | ||
| 260 | |a Madrid |b Fundación ICO |c 2010 | ||
| 650 | 0 | |a Fotografía |9 268495 | |
| 650 | 0 | |a Fotografía artística |9 269391 | |
| 583 | |a last modification |c 20101209 00:00:00 |k Rodrigo Vera | ||
| 999 | |c 343462 |d 343460 | ||
| 952 | |0 0 |1 0 |4 0 |6 770_200000000000000_FUN_2010 |7 0 |8 A |9 440780 |a BIBARQ |b BIBARQ |d 2019-11-22 |i 4741226 |o 770.2 FUN 2010 |p 4741226 |r 2025-01-20 |w 2019-11-22 |y BK |k ARQ | ||